Aivanhô

Gardado en:
Detalles Bibliográficos
Autor Principal: Scốt Oantơ
Formato: Libro
Các nhãn: Engadir etiqueta
Sen Etiquetas, Sexa o primeiro en etiquetar este rexistro!
Thư viện lưu trữ: Mạng thư viện Đại học Đà Nẵng
LEADER 00675nam a2200217 4500
001 000004688
003 829
005 20150812140838.0
008 110803s sd
100 0 |a Scốt Oantơ 
245 0 0 |a Aivanhô  |c Scốt Oantơ 
774 |a Scốt Oantơ  |b In lần thứ 2  |d Đà Nẵng  |d Nxb: Đà Nẵng  |d 1986  |g Tập 1  |h 364 tr  |w 832 
774 |a Scốt Oantơ  |b In lần thứ 2  |d Đà Nẵng  |d Nxb: Đà Nẵng  |d 1986  |g Tập 2  |h 364 tr  |w 833 
OWN |a LSP 
999 |a From the UDN01 
TYP |a Monograph 
TYP |a Printed language 
980 |a Mạng thư viện Đại học Đà Nẵng